00644nam a22001817a 450000500170000001000150001702000260003203500140005803700130007208200100008510000250009524500640012025000200018426000420020427001410024630000250038750000500041220190716142736.0 aENG-125948 a9789353435141c549.00 aEN-109480 bDBAD/PUB a658.8 aBhatia, Puneet Singh aFundamentals of digital marketing /cby Puneet Singh Bhatia aSecond edition aNoida bPearson India Educationc2019 a15th Floor, Tower-B, World Trade Tower, Plot No.I, Block-C, Sector 16bNoida, Uttar Pradesh e201301mcompanysecretary.india@pearson.com axix,479p.c23cm(pbk) aIncludes bibliographical references and index